| 000 | 01176cam a2200241 4500 | ||
|---|---|---|---|
| 001 | ABS63573 | ||
| 008 | 000000n2001 000 0 eng u | ||
| 035 | _a(Sirsi) u110991 | ||
| 245 | _aFoundations for the future | ||
| 260 | _c2001 | ||
| 490 |
_aHousing _v February 2001, 30-31(2) |
||
| 520 | _aHighlights the main areas covered by the Housing (Scotland) Bill which concentrates on social housing. The main areas covered by the Bill include: a new homelessness framework and allocation of housing (Sections 1-8); introduction of a single tenancy (Sections 9-35); reforms to the Right to Buy for new tenants (Sections 36-44); rights for tenants and a duty on landlords to prepare a strategy for tenant participation (Sections 45-48); a single framework for the regulation of social landlords, and the transfer of Scottish Homes duties to an new Executive Agency (Sections 49-78). | ||
| 590 | _aABS | ||
| 650 | _aSINGLE TENURE | ||
| 650 | _aSCOTLAND | ||
| 650 | _aRIGHT TO BUY | ||
| 650 | _aLOCAL AUTHORITIES | ||
| 650 | _aTENANT PARTICIPATION | ||
| 650 | _aHOUSING SCOTLAND BILL | ||
| 650 | _aHOMELESSNESS | ||
| 690 |
_aAffordable housing _96215 |
||
| 942 | _n0 | ||
| 999 |
_c66149 _d66149 |
||